000 00655nam a22002297a 4500
003 UA-OsUOA
001 50328
007 ta
008 20140603b un ||||| |||| 00| 0 ukr d
090 _a030
_bМ19
942 _cBK
040 _aUA-OsUOA
_bukr
_cUA-OsUOA
_dUA-OsUOA
245 _aМалий словник історії України
300 _a464 с.
955 _a1
041 _aukr
080 _a030
260 _aК.
_bЛибідь
_c1997
650 7 _a030 Загальні довідкові праці
_2UDC
999 _c430453
_d430453